Renaissance Futurities : Science, Art, Invention.

At publication date, a free ebook version of this title will be available through Luminos, University of California Press's Open Access publishing program. Visit www.luminosoa.org to learn more. Renaissance Futurities considers the intersections between artistic rebirth, the new science, and Eu...

Full description

Bibliographic Details
Main Author: Black, Charlene Villaseñor.
Other Authors: Álvarez, Mari-Tere.
Format: eBook
Language:English
Published: Berkeley : University of California Press, 2019.
Edition:1st ed.
Subjects:
Online Access:Click to View
LEADER 02577nam a22003853i 4500
001 EBC6983699
003 MiAaPQ
005 20231204023224.0
006 m o d |
007 cr cnu||||||||
008 231204s2019 xx o ||||0 eng d
020 |a 9780520969513  |q (electronic bk.) 
020 |z 9780520296985 
035 |a (MiAaPQ)EBC6983699 
035 |a (Au-PeEL)EBL6983699 
035 |a (OCoLC)1202557527 
040 |a MiAaPQ  |b eng  |e rda  |e pn  |c MiAaPQ  |d MiAaPQ 
082 0 |a 701.0509409031 
100 1 |a Black, Charlene Villaseñor. 
245 1 0 |a Renaissance Futurities :  |b Science, Art, Invention. 
250 |a 1st ed. 
264 1 |a Berkeley :  |b University of California Press,  |c 2019. 
264 4 |c {copy}2019. 
300 |a 1 online resource (249 pages) 
336 |a text  |b txt  |2 rdacontent 
337 |a computer  |b c  |2 rdamedia 
338 |a online resource  |b cr  |2 rdacarrier 
520 |a At publication date, a free ebook version of this title will be available through Luminos, University of California Press's Open Access publishing program. Visit www.luminosoa.org to learn more. Renaissance Futurities considers the intersections between artistic rebirth, the new science, and European imperialism in the global early modern world. Charlene Villaseñor Black and Mari-Tere Álvarez take as inspiration the work of Renaissance genius Leonardo da Vinci (1452-1519), prolific artist and inventor, and other polymaths such as philosopher Giulio "Delminio" Camillo (1480-1544), physician and naturalist Francisco Hernández de Toledo (1514-1587), and writer Miguel de Cervantes (1547-1616). This concern with futurity is inspired by the Renaissance itself, a period defined by visions of the future, as well as by recent theorizing of temporality in Renaissance and Queer Studies. This transdisciplinary volume is at the cutting edge of the humanities, medical humanities, scientific discovery, and avant-garde artistic expression. 
588 |a Description based on publisher supplied metadata and other sources. 
590 |a Electronic reproduction. Ann Arbor, Michigan : ProQuest Ebook Central, 2023. Available via World Wide Web. Access may be limited to ProQuest Ebook Central affiliated libraries.  
655 4 |a Electronic books. 
700 1 |a Álvarez, Mari-Tere. 
776 0 8 |i Print version:  |a Black, Charlene Villaseñor  |t Renaissance Futurities  |d Berkeley : University of California Press,c2019  |z 9780520296985 
797 2 |a ProQuest (Firm) 
856 4 0 |u https://ebookcentral.proquest.com/lib/matrademy/detail.action?docID=6983699  |z Click to View